000 00724nam a2200217 a 4500
999 _c3202
_d3202
001 5117
003 BD-JhCC
005 20171115092447.0
008 171111s1985 bg |||| |||| 000 0 ben d
035 _a(BD-JhCC)
040 _aBD-JhCC
_dBD-JhCC
041 _aben
082 _a780
_bGOS 1985
100 _aগোস্বামী, করুণাময়
245 _aবাংলা গান /
_cকরুণাময় গোস্বামী
260 _aঢাকা:
_bবাংলা একাডেমী ;
_c১৯৮৫
300 _a৯৩ পৃ.;
_c১৮ সেমি
490 _aSeries in honour of the Martyrs of the Language Movement of February 1952.
650 _aBangla song
942 _2ddc
_cBK